Gminy dwujęzyczne w Polsce - Statystyki

Ogólne statystyki
  • Ten quiz został rozwiązany 14 razy
  • Średni wynik to 4 z 32
Statystyki odpowiedzi
język gmina % Poprawnych
białoruski Hajnówka
100%
litewski Puńsk
67%
Narewka
25%
Żukowo
25%
niemiecki Biała
17%
niemiecki Głogówek
17%
niemiecki Dobrodzień
17%
Prószków
17%
niemiecki Bierawa
8%
niemiecki Chrząstowice
8%
Czyże
8%
niemiecki Dobrzeń Wielki
8%
Izbicko
8%
Jemielnica
8%
Kolonowskie
8%
Komprachcice
8%
Lasowice Wielkie
8%
Luzino
8%
niemiecki Murów
8%
Orla
8%
Parchowo
8%
Radłów
8%
Reńska Wieś
8%
Sierakowice
8%
Tarnów Opolski
8%
Turawa
8%
Walce
8%
Leśnica
0%
kaszubski Linia
0%
Strzeleczki
0%
Ujazd
0%
Zębowice
0%
Nie znaleziono quizów pasujących do podanych kryteriów
Rozkład punktacji
Procent ludzi z każdym wynikiem
Percentyl według liczby udzielonych odpowiedzi
Twoja historia wyników
Nie rozwiązałeś tego quizu